Vegetable genetic resources: (Record no. 17001)

MARC details
000 -LEADER
fixed length control field 00552nam a22001937a 4500
003 - CONTROL NUMBER IDENTIFIER
control field BD-DhSAU
005 - DATE AND TIME OF LATEST TRANSACTION
control field 20231016151314.0
008 - FIXED-LENGTH DATA ELEMENTS--GENERAL INFORMATION
fixed length control field 230621b2018 ii ad||| |||| 00| 0 eng d
020 ## - INTERNATIONAL STANDARD BOOK NUMBER
International Standard Book Number 9789351249702
040 ## - CATALOGING SOURCE
Original cataloging agency BD-DhSAU
082 ## - DEWEY DECIMAL CLASSIFICATION NUMBER
Edition number 22
Classification number 635 B4696
100 ## - MAIN ENTRY--PERSONAL NAME
Personal name Bhardwaj, D. R.
245 ## - TITLE STATEMENT
Title Vegetable genetic resources:
Remainder of title principles and management/
Statement of responsibility, etc. D. R. Bhardwaj
260 ## - PUBLICATION, DISTRIBUTION, ETC. (IMPRINT)
Place of publication, distribution, etc. New Delhi:
Name of publisher, distributor, etc. Daya Publishing House,
Date of publication, distribution, etc. 2018
300 ## - PHYSICAL DESCRIPTION
Extent ix, 348 p. :
Other physical details ills. :
Dimensions 30 cm
500 ## - GENERAL NOTE
General note includes index.
650 ## - SUBJECT ADDED ENTRY--TOPICAL TERM
Topical term or geographic name as entry element Vegetable
942 ## - ADDED ENTRY ELEMENTS (KOHA)
Source of classification or shelving scheme Dewey Decimal Classification
Koha item type Book
Holdings
Withdrawn status Lost status Source of classification or shelving scheme Damaged status Not for loan Collection code Coded location qualifier Home library Branch Name Shelving location Date acquired Coded location qualifier Cost, normal purchase price Total Checkouts Full call number Barcode Date last seen Price effective from Koha item type
    Dewey Decimal Classification   Not For Loan Reference | | | SAU Library SAU Library Reference 21/06/2023 | | | 7194.00   635 B4696 44759 07/09/2023 07/09/2023 Book